| 000 | 01220nam2a2200289 4500 | ||
|---|---|---|---|
| 001 | RU\NLR\bibl\572558 | ||
| 005 | 20250610133355.0 | ||
| 010 |
_a5-292-03146-1 _950 |
||
| 021 |
_aRU _b2004-24429 _91239 |
||
| 035 | _a(NLR Aleph) 000564611 | ||
| 090 |
_a1554066 _c1554066 |
||
| 100 | _a20041110d2003 |||y0rusy50 ca | ||
| 101 | 0 | _arus | |
| 102 | _aRU | ||
| 105 | _aa ||||||||| | ||
| 200 | 1 | _aМежличностные и семейные конфликты | |
| 210 |
_d2003 _aБ. м. |
||
| 215 |
_a51 с. _cил. |
||
| 320 | _aБиблиогр.: с. 51 (6 назв.) | ||
| 461 | 0 |
_1001RU\NLR\bibl\582973 _12001#$aКонфликтология$vЧ. 2 _91616230 _cСаратов _d2003 _fСарат. гос. ун-т им. Н.Г. Чернышевского _nИзд-во СГУ _oМетод. пособие для студентов-психологов заоч. формы обучения _tКонфликтология _vЧ. 2 |
|
| 606 | 0 |
_aМежличностные конфликты _jМетодические пособия _91407993 _3RU\NLR\auth\66593024 |
|
| 686 | _aС550.352я78 | ||
| 801 | 0 |
_aRU _bNLR _c20041110 _gPSBO |
|
| 801 | 1 |
_aRU _bNLR _c20041110 |
|
| 942 | _cBOOK | ||
| 980 | _aNB | ||